Guess these random cities by their Spanish names - Statistics

General Stats
  • This quiz has been taken 205 times
    37 since last reset
  • The average score is 7 of 10
Answer Stats
Spanish name Continent English name % Correct
Abiyán Africa Abidjan
100%
Adelaida Oceania Adelaide
100%
Alejandría Africa Alexandria
100%
Andorra la Vieja Europe Andorra la Vella
100%
Asjabad Asia Ashgabat
100%
Augsburgo Europe Augsburg
100%
Aviñón Europe Avignon
100%
Pekín Asia Beijing
100%
Berna Europe Bern
100%
Bolonia Europe Bologna
100%
Brujas Europe Bruges
100%
Bruselas Europe Brussels
100%
El Cairo Africa Cairo
100%
Colonia Europe Cologne
100%
Copenhague Europe Copenhagen
100%
Damasco Asia Damascus
100%
YIbuti Africa Djibouti
100%
Dunquerque Europe Dunkirk
100%
Edimburgo Europe Edinburgh
100%
Florencia Europe Florence
100%
Fráncfort del Meno Europe Frankfurt am Main
100%
Ginebra Europe Geneva
100%
Génova Europe Genoa
100%
Gante Europe Ghent
100%
Gotemburgo Europe Gothenburg
100%
Cantón Asia Guangzhou
100%
Estambul Europe Istanbul
100%
Yakarta Asia Jakarta
100%
Jerusalén Asia Jerusalem
100%
Jartum Africa Khartoum
100%
Cracovia Europe Krakow
100%
Lila Europe Lille
100%
Lisboa Europe Lisbon
100%
Liubliana Europe Ljubljana
100%
Londres Europe London
100%
Ciudad de Luxemburgo Europe Luxembourg City
100%
Leópolis Europe Lviv
100%
La Meca Asia Mecca
100%
Moscú Europe Moscow
100%
Mascate Asia Muscat
100%
Nápoles Europe Naples
100%
Nazaret Asia Nazareth
100%
Nueva York Americas New York
100%
Nuakchot Africa Nouakchott
100%
Filadelfia Americas Philadelphia
100%
Puerto Príncipe Americas Port au Prince
100%
Puerto Moresby Oceania Port Moresby
100%
Oporto Europe Porto
100%
Puerto España Americas Port of Spain
100%
Reikiavik Europe Reykjavik
100%
San Luis Americas Saint Louis
100%
San Petersburgo Europe Saint Petersburg
100%
Seúl Asia Seoul
100%
Singapur Asia Singapore
100%
Estocolmo Europe Stockholm
100%
Estrasburgo Europe Strasbourg
100%
Tánger Africa Tangier
100%
Tiflis Asia Tbilisi
100%
Teherán Asia Tehran
100%
Tetuán Africa Tetouan
100%
La Haya Europe The Hague
100%
Venecia Europe Venice
100%
Versalles Europe Versailles
100%
Varsovia Europe Warsaw
100%
Ekaterimburgo Asia Yekaterinburg
100%
Ereván Asia Yerevan
100%
Mogadiscio Africa Mogadishu
88%
Lausana Europe Lausanne
83%
Brandeburgo Europe Brandenburg
80%
Nankín Asia Nanjing
80%
Sídney Oceania Sydney
80%
Ciudad del Cabo Africa Cape Town
75%
Groninga Europe Groningen
75%
Uagadugú Africa Ouagadougou
75%
Bayona Europe Bayonne
67%
Limasol Asia Limassol
67%
Marsella Europe Marseille
67%
Tolón Europe Toulon
67%
Arcángel Europe Arkhangelsk
60%
Yidda Asia Jeddah
60%
Argel Africa Algiers
50%
Cayo Hueso Americas Key West
50%
Lucerna Europe Luzern
50%
Nueva Orleans Americas New Orleans
50%
Praga Europe Prague
50%
Vilna Europe Vilnius
50%
Basilea Europe Basel
33%
Jersón Europe Kherson
33%
Niza Europe Nice
33%
Salónica Europe Thessaloniki
33%
Breslavia Europe Wroclaw
33%
Carcasona Europe Carcasonne
25%
Aquisgrán Europe Aachen
0%
Alhucemas Africa Al Hoceima
0%
Angulema Europe Angoulême
0%
Antioquía Asia Antakya
0%
Amberes Europe Antwerp
0%
Belgrado Europe Belgrade
0%
Burdeos Europe Bordeaux
0%
Dusambé Asia Dushanbe
0%
Hendaya Europe Hendaye
0%
Huhehot Asia Hohhot
0%
Esmirna Asia Izmir
0%
Járkiv Europe Kharkiv
0%
Constanza Europe Konstanz
0%
Lovaina Europe Leuven
0%
Lieja Europe Liège
0%
Maguncia Europe Mainz
0%
Yamena Africa N'Djamena
0%
El Pireo Europe Piraeus
0%
Ratisbona Europe Regensburg
0%
Ruán Europe Rouen
0%
San Juan de Luz Europe Saint-Jean-de-Luz
0%
San Juan de Terranova Americas Saint John's
0%
Escafusa Europe Schaffhausen
0%
Bolduque Europe 's-Hertogenbosch
0%
San Nicolás Europe Sint-Niklaas
0%
Tiberíades Asia Tiberias
0%
Tréveris Europe Trier
0%
Tiro Asia Tyre
0%
Valencia Europe Valence
0%
Viena Europe Vienna
0%
No matching quizzes found
Score Distribution
Percent of People with Each Score
Percentile by Number Answered
Your Score History
You have not taken this quiz since the last reset